Механическая технология первобытных народов (Запись № 9793062)

Подробности
000 -МАРКЕР
контрольное поле 01962nam0a22005051 4500
001 - ИДЕНТИФИКАТОР ЗАПИСИ
контрольное поле RU\NLR\A1SV\17449
005 - ИДЕНТИФИКАТОР ВЕРСИИ
контрольное поле 20251203171251.9
035 ## - ДРУГИЕ СИСТЕМНЫЕ НОМЕРА
Идентификатор записи (NLR Aleph) 009702570
100 ## - ДАННЫЕ ОБЩЕЙ ОБРАБОТКИ
Данные общей обработки 19991202d1923 u y0rusy50 ca
101 1# - ЯЗЫК РЕСУРСА
Язык текста, звукозаписи и т.д. русский
Язык оригинала немецкий
102 ## - СТРАНА ПУБЛИКАЦИИ ИЛИ ПРОИЗВОДСТВА
Страна публикации Российская Федерация
200 1# - ЗАГЛАВИЕ И СВЕДЕНИЯ ОБ ОТВЕТСТВЕННОСТИ
Основное заглавие Механическая технология первобытных народов
Сведения, относящиеся к заглавию (К истории орудий труда)
-- С 23 рис. в тексте
Первые сведения об ответственности Карл Вейлэ
Последующие сведения об ответственности Пер. с 12 нем. изд. под ред. Е.Кавальери
210 ## - ПУБЛИКАЦИЯ, РАСПРОСТРАНЕНИЕ И ДР.
Место издания, распространения и т.д. М.
-- Л.
Имя издателя, распространителя и т. д. Земля и фабрика
Дата издания, распространения и т.д. 1923 (обл. 1924)
215 ## - ФИЗИЧЕСКАЯ ХАРАКТЕРИСТИКА
Специфическое обозначение материала и объем 112, [2] с.
Размеры 19 см
225 ## - СЕРИЯ
Основное заглавие серии Науч.-попул. б-ка "Человек и вселенная"
300 ## - ОБЩИЕ ПРИМЕЧАНИЯ
Текст примечания На об. тит. л. загл. ориг.: Die Anfänge der Naturbeherr-schung. I. Frühformen der mechanik. Von Dr. Karl Veule
451 #1 - ДРУГОЕ ИЗДАНИЕ [КАТАЛОГИЗИРУЕМОГО ДОКУМЕНТА] НА АНАЛОГИЧНОМ НОСИТЕЛЕ
Встроенное поле 001RU\NLR\A1SV\47092
Системный номер (АБИС) связанной записи 9902549
Автор Вейле, К. (1864-1926)
Место публикации М.
Дата публикации 1925
Первые сведения об ответственности Карл Вейлэ
Имя издателя, распространителя и т.д. Земля и фабрика
Сведения, относящиеся к заглавию (К истории орудий труда)
Физическая характеристика 112 с.
Заглавие Механическая технология первобытных народов
620 ## - МЕСТО И ДАТА ПУБЛИКАЦИИ, ИСПОЛНЕНИЯ И Т. Д.
Город Москва
620 ## - МЕСТО И ДАТА ПУБЛИКАЦИИ, ИСПОЛНЕНИЯ И Т. Д.
Город Санкт-Петербург
700 #1 - ИМЯ ЛИЦА - ПЕРВИЧНАЯ ОТВЕТСТВЕННОСТЬ
Связь между полями z01790
Начальный элемент ввода Вейле
Часть имени, кроме начального элемента ввода К.
Даты 1864-1926
Расширение инициалов личного имени Карл
Код отношения Автор
702 #1 - ИМЯ ЛИЦА - ВТОРИЧНАЯ ОТВЕТСТВЕННОСТЬ
Начальный элемент ввода Кавальери
Часть имени, кроме начального элемента ввода Е.
Расширение инициалов личного имени Евгений
Код отношения Автор
790 #1 - ИМЯ ЛИЦА - АЛЬТЕРНАТИВНАЯ ФОРМА
Связь между полями z01700
Начальный элемент ввода Вейлэ
Часть имени, кроме начального элемента ввода К.
Расширение инициалов личного имени Карл
Код отношения Автор
801 #0 - ИСТОЧНИК ЗАПИСИ
Страна Российская Федерация
Организация NLR
Дата составления 19991202
852 ## - МЕСТОНАХОЖДЕНИЕ И ШИФР ХРАНЕНИЯ
Идентификатор организации NLR
Шифр хранения (Call Number) 36/2319
899 ## - ДАННЫЕ О МЕСТОНАХОЖДЕНИИ (устаревшее)
Местонахождение ГПИБ
899 ## - ДАННЫЕ О МЕСТОНАХОЖДЕНИИ (устаревшее)
Местонахождение СПбГУ
899 ## - ДАННЫЕ О МЕСТОНАХОЖДЕНИИ (устаревшее)
Местонахождение БАН
899 ## - ДАННЫЕ О МЕСТОНАХОЖДЕНИИ (устаревшее)
Местонахождение НБ ЧР
899 ## - ДАННЫЕ О МЕСТОНАХОЖДЕНИИ (устаревшее)
Местонахождение НБЛ КГУ
899 ## - ДАННЫЕ О МЕСТОНАХОЖДЕНИИ (устаревшее)
Местонахождение NLG
899 ## - ДАННЫЕ О МЕСТОНАХОЖДЕНИИ (устаревшее)
Местонахождение РКП
899 ## - ДАННЫЕ О МЕСТОНАХОЖДЕНИИ (устаревшее)
Местонахождение МГУ
899 ## - ДАННЫЕ О МЕСТОНАХОЖДЕНИИ (устаревшее)
Местонахождение ГИМ
899 ## - ДАННЫЕ О МЕСТОНАХОЖДЕНИИ (устаревшее)
Местонахождение ИОНБ
899 ## - ДАННЫЕ О МЕСТОНАХОЖДЕНИИ (устаревшее)
Местонахождение АстОНБ
899 ## - ДАННЫЕ О МЕСТОНАХОЖДЕНИИ (устаревшее)
Местонахождение РГБ
899 ## - ДАННЫЕ О МЕСТОНАХОЖДЕНИИ (устаревшее)
Местонахождение КирОУНБ
899 ## - ДАННЫЕ О МЕСТОНАХОЖДЕНИИ (устаревшее)
Местонахождение НБ РКаз.
899 ## - ДАННЫЕ О МЕСТОНАХОЖДЕНИИ (устаревшее)
Местонахождение СамОУНБ
899 ## - ДАННЫЕ О МЕСТОНАХОЖДЕНИИ (устаревшее)
Местонахождение НБ Бел.
942 ## - ДОПОЛНИТЕЛЬНЫЕ ЭЛЕМЕНТЫ ЗАПИСИ (АБИС)
Тип экземпляра АБИС Книга
980 ## - КОЛЛЕКЦИЯ
Название коллекции Национальная библиография
980 ## - КОЛЛЕКЦИЯ
Название коллекции Международный сводный каталог русской книги (1918-1926)

Нет доступных экземпляров.